000 02804nam a22002657a 4500
003 OSt
005 20260213163648.0
008 260213b |||||||| |||| 00| 0 eng d
020 _a9789357468664
040 _cAIMIT LIBRARY
082 _21
_a174.4
_bGODP
100 _aGodfrey, Paul C.
_9254794
245 _aEthics and business :
_bintegrated approach for business and personal success /
_cBy Paul C Godfrey; Laura Jacobus and Abhishek Singh.
250 _a1st ed.
260 _aNew Delhi :
_bWiley ,
_c2024.
300 _axv,231p. ;
_bPB
_c28 cm.
500 _aEthics and Business: An Integrated Approach for Business and Personal Success gives students the practical knowledge and skills to identify ethical dilemmas, understand ethical behavior in themselves and others, and advocate for ethical behavior within their organization. The course focuses on three ethical questions: the individual, the organization, and the societal perspective. Most business ethics courses are based on a single point of view. Depending on the viewpoint, this might be based on philosophical theory, organizational behavior, or a legal and regulatory compliance approach.
505 _aPreface To The Adapted Edition Preface Course Resources Meet The Authors About The Adapting Author 1 Introduction: Why Study Business Ethics? Ethics and Business Ethics Ethics Business Ethics The Dimensions of Ethical Choice The Moral Aspect of Ethical Decision Making Moral Agency and Choice Business Agency and Fiduciary Responsibilities Ethical Challenges in Business How to Develop Ethical Managers Ethical Temptations Ethical Dilemmas Why are Ethics Important in Business? The Need for an Integrated Approach Two Perspectives on Ethics in Business Employing an Integrated Approach 2 Theories of Morality and Business Ethics Human Nature and the Problem of Evil Moral Development Process Moral Action and Moral Outcomes Religious Teachings of Moral Actions and Outcomes Philosophical Perspectives of Moral Action and Outcomes Scientific Perspectives of Moral Action and Outcomes 3 Living a Great Life: PERMA, Mission Statements
_rAbout the Author Paul C. Godfrey is the William and Roceil Low Professor of Business Strategy at the BYU Marriott School of Business. He has been honored with both the school’s outstanding Researcher and Outstanding Teacher awards. An active researcher, his work has appeared in a number of premiere scientific publications
650 _aTheories of morality and business ethics
_9254795
650 _aEthics and compliance in the corporation
_9254796
650 _aCorporate social responsibility and social entrepreneurship
_9254797
700 _aJacobus, Laura.
_9254798
700 _aSingh, Abhishek.
_9254799
942 _2ddc
_cBK
_e1st ed.
999 _c240900
_d240900